Cambridge spies. Episode 5 /

This is the story of Blunt, Burgess, Philby and Maclean, the most notorious double agents in British history. In 1934 at Cambridge University, they establish a spy ring fuelled by youthful idealism, passionately committed to social justice and to fighting fascism. The four become embroiled in obtain...

Full description

Bibliographic Details
Other Authors: Fywell, Tim (Director), Shivas, Mark (Producer)
Format: Video
Language:English
Language Notes:In English.
Published: London, England : BBC Worldwide, [2003]
Series:Cambridge Spies
Subjects:
Online Access:Connect to this streaming video (Alexander Street Press)

MARC

Tag First Indicator Second Indicator Subfields
LEADER 00000cgm a2200000Mi 4500
001 in00005580113
006 m o c
007 cr |n||||||||a
007 vz |za|z|
008 210315s2003 enk049 e o vneng d
005 20241201234000.5
035 |a (OCoLC)on1245589982 
040 |a ALSTP  |b eng  |e rda  |c ALSTP  |d OCLCO  |d OCLCF  |d OCLCO  |d CJT  |d OCLCQ  |d OCLCL  |d OCLCQ 
019 |a 1373498378 
035 |a (OCoLC)1245589982  |z (OCoLC)1373498378 
082 0 4 |a 791.4372  |q OCoLC  |2 22/eng/20230216 
049 |a TXAM 
245 0 0 |a Cambridge spies.  |n Episode 5 /  |c [written] by Peter Moffat ; producer, Mark Shivas ; director, Tim Fywell ; a BBC production in association with Perpetual Motion Pictures. 
246 1 3 |a Cambridge spies.  |n Episode five 
264 1 |a London, England :  |b BBC Worldwide,  |c [2003] 
300 |a 1 online resource (49 minutes) 
306 |a 004835 
336 |a two-dimensional moving image  |b tdi  |2 rdacontent 
337 |a computer  |b c  |2 rdamedia 
337 |a video  |b v  |2 rdamedia 
338 |a online resource  |b cr  |2 rdacarrier 
347 |a video file  |2 rda 
490 0 |a Cambridge Spies 
500 |a Title from resource description page (viewed March 15, 2021). 
508 |a Executive producers: Gareth Neame, Laura Mackie, Sally Woodward Gentle. 
511 1 |a Tom Hollander, Samuel West, Rupert Penry-Jones, Toby Stephens. 
520 |a This is the story of Blunt, Burgess, Philby and Maclean, the most notorious double agents in British history. In 1934 at Cambridge University, they establish a spy ring fuelled by youthful idealism, passionately committed to social justice and to fighting fascism. The four become embroiled in obtaining and passing on vital information, betraying their country to fight the evils of fascism. Enigma secrets and atomic details are given to Russian contacts as the careers of the four take them from Guernica to Vienna, New York and Washington - and a final, desperate flight to Moscow. During almost 20 years of counter-intelligence, despite their personal journeys, the four are bound by their beliefs and their secrets. This is a thriller spy story that begins with a profound closeness based on a passion for a cause, and then moves on to shared sacrifices, stress, strain, and eventually breakdown and betrayal. 
546 |a In English. 
600 1 0 |a Philby, Kim,  |d 1912-1988. 
600 1 0 |a Burgess, Guy,  |d 1911-1963. 
600 1 0 |a Maclean, Donald,  |d 1913-1983. 
600 1 0 |a Blunt, Anthony,  |d 1907-1983. 
600 1 7 |a Blunt, Anthony,  |d 1907-1983.  |2 fast  |0 (OCoLC)fst00075795  |1 https://id.oclc.org/worldcat/entity/E39PBJqFJFDPGVhCbqqMg3XDbd 
600 1 7 |a Burgess, Guy,  |d 1911-1963.  |2 fast  |0 (OCoLC)fst00171900  |1 https://id.oclc.org/worldcat/entity/E39PBJtMpYdBpmkMjVVVh9wpyd 
600 1 7 |a Maclean, Donald,  |d 1913-1983.  |2 fast  |0 (OCoLC)fst01718193  |1 https://id.oclc.org/worldcat/entity/E39PBJj8JVFRDmKqc9xdYRrwmd 
600 1 7 |a Philby, Kim,  |d 1912-1988.  |2 fast  |0 (OCoLC)fst01716705  |1 https://id.oclc.org/worldcat/entity/E39PBJrgCCjJwmdtKHB8bPFkDq 
650 0 |a Espionage, Soviet  |z Great Britain. 
650 0 |a Secret service  |z Great Britain. 
650 0 |a Spies  |z Great Britain. 
650 6 |a Espionnage soviétique  |z Grande-Bretagne. 
650 6 |a Service secret  |z Grande-Bretagne. 
650 6 |a Espions  |z Grande-Bretagne. 
650 7 |a Espionage, Soviet.  |2 fast  |0 (OCoLC)fst00915419 
650 7 |a Secret service.  |2 fast  |0 (OCoLC)fst01110661 
650 7 |a Spies.  |2 fast  |0 (OCoLC)fst01129772 
651 7 |a Great Britain.  |2 fast  |0 (OCoLC)fst01204623  |1 https://id.oclc.org/worldcat/entity/E39PBJdmp7p3cx8hpmJ8HvmTpP 
655 7 |a Fiction television programs.  |2 fast  |0 (OCoLC)fst01710265 
655 7 |a Historical television programs.  |2 fast  |0 (OCoLC)fst01726125 
655 7 |a Spy television programs.  |2 fast  |0 (OCoLC)fst01710531 
655 7 |a Television mini-series.  |2 fast  |0 (OCoLC)fst01726179 
655 7 |a Thrillers (Television programs)  |2 fast  |0 (OCoLC)fst01726194 
655 7 |a Television mini-series.  |2 lcgft 
655 7 |a Spy television programs.  |2 lcgft 
655 7 |a Fiction television programs.  |2 lcgft 
655 7 |a Historical television programs.  |2 lcgft 
655 7 |a Thrillers (Television programs)  |2 lcgft 
655 7 |a Miniséries.  |2 rvmgf 
655 7 |a Émissions d'espionnage télévisées.  |2 rvmgf 
655 7 |a Fictions télévisées.  |2 rvmgf 
655 7 |a Émissions historiques télévisées.  |2 rvmgf 
655 7 |a Thrillers (Émissions télévisées)  |2 rvmgf 
700 1 |a Fywell, Tim,  |e director. 
700 1 |a Shivas, Mark,  |e producer. 
710 2 |a BBC Worldwide Ltd.,  |e film distributor. 
710 2 |a British Broadcasting Corporation,  |e production company. 
710 2 |a Perpetual Motion Pictures (London, England),  |e production company. 
758 |i has work:  |a Episode 2 Cambridge spies (MovingImage)  |1 https://id.oclc.org/worldcat/entity/E39PCFxqxT3QhFCxJjJDk9PwQ3  |4 https://id.oclc.org/worldcat/ontology/hasWork 
856 4 0 |u http://proxy.library.tamu.edu/login?url=https://www.aspresolver.com/aspresolver.asp?MARC;5112916  |z Connect to this streaming video (Alexander Street Press)  |t 0 
955 |a Alexander Street Press subscription streaming video 
994 |a 92  |b TXA 
999 f f |s b666dca4-1d33-4a07-b8e2-d6c71844d9aa  |i fad4b877-66a3-4043-9db8-a144e41d7c98  |t 0 
952 f f |a Texas A&M University  |b College Station  |c Electronic Resources  |d Available Online  |t 0  |h Library of Congress classification 
998 f f |t 0  |l Available Online